00629 a2200193 4500003000400000005001700004008004100021020001800062040000900080082002000089100002100109245004600130250001200176260003300188300001000221942004600231952014100277999001700418OSt20231204120209.0231204b |||||||| |||| 00| 0 eng d a9788126436309 coclc a894.8128bTHA/N aThayat, K.99988 aNaam Changala Potticha Katha /cK. Thayat a5th ed. aKottayam:bD C Books,c2022. a432p. 2ddccBKh894.8128iTHA/Nk894.8128mTHA/N 00102ddc40708MISCELLANEOUSaMESbMEScMALd2023-12-04l0o894.8128 THA/Np43324r2023-12-04 11:41:48v450.00w2023-12-04yBKzGR33R3 c43954d43954